000 00732nam a2200169 a 4500
001 000039767
005 20201002033725.0
008 130718s1986 ch 000 0 spa d
020 _a8483401312
040 _aDO-SdBNP
_bspa
_cBNPHU
100 1 _aPérez Rosales, Vicente,
_d1807-1886.
_965960
245 1 0 _aVicente Pérez Rosales :
_bpáginas escogidas /
_ccompilación de Alfonso Caderón Semblanza de Vicente Pérez Rosales por Enrique Campos Menéndez. Calderón.
260 _aSantiago de Chile :
_bEditorial Universitaria
_bBiblioteca Nacional,
_c1986.
300 _a279 p. ;
_c25 cm.
700 1 _aCalderón, Alfonso
_epról.
_947986
700 1 _aCampos Menéndez, Enrique,
_d1914-
_tSemblanza de Vicente Pérez Rosales.
_f1986.
_965961
999 _c39257
_d39257